Estatísticas para Países que começam com I

Clique aqui para jogar o quiz

Estatísticas Gerais

  • Esse quiz foi jogado 46 vezes
  • A pontuação média é 9 de 9

Estatísticas das Respostas

Resposta% Correto
Índia
100%
Irão
100%
Irlanda
100%
Itália
100%
Israel
98%
Indonésia
93%
Iraque
93%
Islândia
89%
Iêmen
84%

Distribuição das Pontuações

Percentil de Números Respondidos

Porcentagem de Pessoas com Cada Pontuação

Sua Pontuação Histórica

Você não jogou esse quiz